000 00303nam a2200109Ia 4500
008 190913s9999||||xx |||||||||||||| ||und||
100 _aAltaf Hussain
245 0 _aKya Khoya Kiya Paya : Pakistan Ki Azadi Kay Pachas Baras
260 _aUnited Kingdom
_bMQM Secretariat
_c2002
300 _a993
942 _cBK
999 _c8327
_d8327